000 00859nam a2200301 c 4500
001 58416
003 CO-BoRNBP
005 20250822145454.0
007 ta
008 151104s2015 sp a | |||| 001 0 spa
017 _aM 993-2015
_bOficina Depósito Legal Madrid
020 _a9788467743746
040 _aSpMaBN
_bspa
_cSpMaBN
_erdc
080 _a641.85(083.12)
084 _a641.85
245 0 0 _aRepostería divertida para niños
250 _a1a. edición
300 _a127 p.
_bil. col.
_c28 cm
336 _aImagen (fija ; bidimensional ; visual)
_aTexto (visual)
_2isbdcontent
_btxt
337 _asin mediación
_2isbdmedia
_bn
338 _2rdacarrier
_avolumen
_bnc
500 _aÍndice
650 7 _aRepostería
_vRecetas
_2embne
_963137
710 2 _aSusaeta Ediciones
_eeditor
_963138
901 _aMON1511
942 _2ddc
_cBK
956 _a2
999 _c58416
_d58416